| 000 | 00680nam a2200121Ia 4500 | ||
|---|---|---|---|
| 008 | 220615s9999||||xx |||||||||||||| ||und|| | ||
| 245 | 0 |
_aReindeer Husbandry and Global Environmental Change _bPastoralism in Fennoscandia |
|
| 546 | _aEnglish[eng] | ||
| 650 | _aNature and the natural world: general interest;Wildlife: general interest;Applied ecology;Conservation of the environment;Environmental management;The Earth: natural history: general interest;Environmental science, engineering and technology | ||
| 700 | _aHorstkotte, Tim||Holand, Øystein||Kumpula, Jouko||Moen, Jon | ||
| 856 | _uhttps://library.oapen.org/bitstream/20.500.12657/54076/1/9781000593402.pdf | ||
| 942 | _cEB | ||
| 999 |
_c16626 _d16626 |
||